000 00220nam a22000857a 4500
008 160624b xxu||||| |||| 00| 0 eng d
100 _91043
_aLewis, B
245 _aThe Mudhale Mystery
260 _aMinnesata
_bBethaN.Y House
_c1997
999 _c836
_d836